000
00256nam a2200109Ia 4500
008
190912s9999||||xx |||||||||||||| ||und||
100
_a
Anwer Sadeed
245
0
_a
Urdu Adab Ki Mukhtasir Tareekh
260
_a
Lahore
_b
A.H.
_c
1996
300
_a
675
942
_c
BK
999
_c
7664
_d
7664